[Event "Bundesliga 9900"]
[Site "Deutschland"]
[Date "1999.12.11"]
[Round "5.5"]
[White "Schaller, Sven"]
[Black "Kveinys, Aloyzas"]
[Result "0-1"]
[WhiteElo "2308"]
[BlackElo "2515"]
[PlyCount "138"]
[EventDate "1999.10.09"]
[EventType "team"]
[EventRounds "15"]
[EventCountry "GER"]
[SourceTitle "Bundesliga 9900"]
[Source "DeepChess"]
[SourceDate "2005.01.01"]
[SourceVersion "1"]
[SourceVersionDate "2005.01.01"]
[SourceQuality "1"]
[WhiteTeam "SK Koenig Plauen"]
[BlackTeam "Godesberger SK 1929"]
[WhiteTeamCountry "GER"]
[BlackTeamCountry "GER"]

1. d4 Nf6 2. c4 e6 3. Nf3 d5 4. e3 Be7 5. Be2 O-O 6. O-O b6 7. Nc3 Bb7 8. cxd5
exd5 9. Ne5 Nbd7 10. f4 a6 11. a4 c5 12. Bd3 cxd4 13. exd4 Ne4 14. Qe2 Ndf6 15.
Nd1 Ne8 16. Ne3 N8d6 17. Bd2 f6 18. Nf3 Re8 19. Rfe1 Qd7 20. Qd1 Kh8 21. Bc1
Rac8 22. Qb3 Bd8 23. Bd2 Nxd2 24. Nxd2 Ne4 25. Ndf1 Bc7 26. f5 Re7 27. Qd1 Rce8
28. Qh5 Qd6 29. Nc2 Rg8 30. Re2 Qd7 31. Nd2 Bf4 32. Nxe4 dxe4 33. Bc4 Bd5 34.
Bxd5 Qxd5 35. Rf1 Bh6 36. Qh3 Qc4 37. Rfe1 Qxa4 38. Qa3 Qxa3 39. Nxa3 e3 40.
Nc4 Rd8 41. Nxe3 Kg8 42. Nc2 Rxe2 43. Rxe2 Rd5 44. Nb4 Rxd4 45. Nxa6 Rf4 46.
Nb8 Rxf5 47. Nc6 Rc5 48. Nd8 Re5 49. Rxe5 fxe5 50. Kf2 e4 51. b3 Bc1 52. Nc6
Kf7 53. Nd4 Kf6 54. Nc2 Ke5 55. g3 Bg5 56. Ke2 Be7 57. Kf1 Bc5 58. Kg2 h5 59.
h3 g5 60. Kf1 h4 61. Kg2 hxg3 62. Kxg3 Kf5 63. b4 Bd6+ 64. Kf2 Bf4 65. Na3 Ke6
66. Nc4 Bc7 67. Ne3 Ke5 68. Nc2 Kd5 69. Ke2 Bf4 0-1

[Event "Bundesliga 9900"]
[Site "Deutschland"]
[Date "1999.12.11"]
[Round "5.6"]
[White "Heinbuch, Detlef"]
[Black "Haskamp, Stephan"]
[Result "1-0"]
[WhiteElo "2394"]
[BlackElo "2297"]
[PlyCount "95"]
[EventDate "1999.10.09"]
[EventType "team"]
[EventRounds "15"]
[EventCountry "GER"]
[SourceTitle "Bundesliga 9900"]
[Source "DeepChess"]
[SourceDate "2005.01.01"]
[SourceVersion "1"]
[SourceVersionDate "2005.01.01"]
[SourceQuality "1"]
[WhiteTeam "Godesberger SK 1929"]
[BlackTeam "SK Koenig Plauen"]
[WhiteTeamCountry "GER"]
[BlackTeamCountry "GER"]

1. c4 g6 2. g3 Bg7 3. Bg2 d6 4. Nc3 c5 5. Nf3 Nc6 6. O-O Qd7 7. a3 b6 8. b3 Bb7
9. Bb2 Nh6 10. e3 Nf5 11. Rb1 O-O 12. Ne2 Bxb2 13. Rxb2 Ne5 14. Nf4 Rad8 15. d3
e6 16. Rd2 Nxf3+ 17. Bxf3 Bxf3 18. Qxf3 d5 19. cxd5 exd5 20. Rb1 a5 21. b4 cxb4
22. axb4 a4 23. b5 Ne7 24. Ra2 Ra8 25. Qd1 a3 26. Qb3 Qd6 27. Rba1 Rfc8 28.
Rxa3 Rxa3 29. Rxa3 Rc1+ 30. Kg2 Qc5 31. Ra8+ Kg7 32. Qb2+ Qc3 33. Qxc3+ Rxc3
34. Rb8 g5 35. Ne2 Rxd3 36. Nd4 Kf6 37. Rxb6+ Ke5 38. g4 h6 39. Rxh6 Ng6 40.
Nf3+ Kf6 41. h4 gxh4 42. Rh5 Rd1 43. Rf5+ Ke7 44. Nd4 Rd2 45. Rxd5 h3+ 46. Kxh3
Rxf2 47. b6 Rb2 48. Nb5 1-0

[Event "Bundesliga 9900"]
[Site "Deutschland"]
[Date "1999.12.11"]
[Round "5.7"]
[White "Sandner, Gunter"]
[Black "Jackelen, Thomas"]
[Result "1/2-1/2"]
[WhiteElo "2374"]
[BlackElo "2368"]
[PlyCount "89"]
[EventDate "1999.10.09"]
[EventType "team"]
[EventRounds "15"]
[EventCountry "GER"]
[SourceTitle "Bundesliga 9900"]
[Source "DeepChess"]
[SourceDate "2005.01.01"]
[SourceVersion "1"]
[SourceVersionDate "2005.01.01"]
[SourceQuality "1"]
[WhiteTeam "SK Koenig Plauen"]
[BlackTeam "Godesberger SK 1929"]
[WhiteTeamCountry "GER"]
[BlackTeamCountry "GER"]

1. Nf3 Nf6 2. d4 e6 3. g3 c5 4. Bg2 Nc6 5. O-O cxd4 6. Nxd4 Qb6 7. Nb3 d5 8.
Be3 Qa6 9. Nc3 Bb4 10. Bg5 Bxc3 11. bxc3 Ne4 12. Bxe4 dxe4 13. Qd6 f6 14. Be3
Kf7 15. Qc7+ Kg6 16. Qf4 e5 17. Qxe4+ Bf5 18. Qf3 Qc4 19. Nd2 Qg4 20. Rab1 Rab8
21. Rb2 Qxf3 22. Nxf3 Be6 23. Rd1 Kf7 24. Kf1 b6 25. Nd2 Rhd8 26. Ke1 Na5 27.
f4 exf4 28. gxf4 Bg4 29. Rb4 Be6 30. a3 Nc6 31. Rb5 Ke7 32. Nf3 Bc4 33. Rh5 h6
34. Rxd8 Rxd8 35. Bd4 Bd5 36. Be3 Be4 37. Nd4 Nxd4 38. Bxd4 Bxc2 39. Kd2 Be4
40. Ke3 Bg6 41. Rb5 Kd6 42. Kd2 Kc6 43. a4 Rd5 44. Rb4 Ra5 45. Bf2 1/2-1/2

[Event "Bundesliga 9900"]
[Site "Deutschland"]
[Date "1999.12.11"]
[Round "5.3"]
[White "Sadler, Matthew"]
[Black "Wahls, Matthias"]
[Result "1/2-1/2"]
[WhiteElo "2626"]
[BlackElo "2582"]
[PlyCount "120"]
[EventDate "1999.10.09"]
[EventType "team"]
[EventRounds "15"]
[EventCountry "GER"]
[SourceTitle "Bundesliga 9900"]
[Source "DeepChess"]
[SourceDate "2005.01.01"]
[SourceVersion "1"]
[SourceVersionDate "2005.01.01"]
[SourceQuality "1"]
[WhiteTeam "SG 1868 Aljech. Solingen"]
[BlackTeam "Hamburger SK 1830 e.V."]
[WhiteTeamCountry "GER"]
[BlackTeamCountry "GER"]

1. d4 Nf6 2. c4 e6 3. Nc3 Bb4 4. e3 b6 5. Nge2 Ba6 6. Ng3 O-O 7. e4 Nc6 8. Bd3
e5 9. d5 Bxc3+ 10. bxc3 Ne7 11. Bg5 Ne8 12. a4 f6 13. Be3 Qc8 14. O-O Nd6 15.
Qe2 Nb7 16. f4 d6 17. fxe5 dxe5 18. c5 Bxd3 19. Qxd3 bxc5 20. a5 a6 21. Rab1
Rf7 22. Rf2 Nxa5 23. Bxc5 Nb7 24. Ba3 Nd6 25. c4 Qd7 26. Qb3 Raf8 27. Rbf1 h6
28. c5 Nb5 29. c6 Qd8 30. Bc5 Nd6 31. Qa3 g6 32. Bxd6 cxd6 33. Qxa6 f5 34. Rb1
h5 35. Rb7 h4 36. Nf1 Kg7 37. Rd7 Qc8 38. Qe2 Nxc6 39. Rxf7+ Rxf7 40. dxc6 Qxc6
41. exf5 gxf5 42. Qe3 f4 43. Qe2 Qc5 44. h3 Ra7 45. Kh2 Kf8 46. Rf3 Ra3 47.
Rxa3 Qxa3 48. Qf2 Qg3+ 49. Kg1 Qxf2+ 50. Kxf2 e4 51. Ke2 Kf7 52. Kd2 Ke6 53.
Nh2 Kf5 54. Kc3 d5 55. Kd4 f3 56. gxf3 Kf4 57. fxe4 dxe4 58. Nf1 Kf3 59. Ne3
Kf4 60. Nf1 Kf3 1/2-1/2

[Event "Bundesliga 9900"]
[Site "Deutschland"]
[Date "1999.12.11"]
[Round "5.6"]
[White "Reeh, Oliver"]
[Black "Piket, Jeroen"]
[Result "1/2-1/2"]
[WhiteElo "2399"]
[BlackElo "2635"]
[PlyCount "83"]
[EventDate "1999.10.09"]
[EventType "team"]
[EventRounds "15"]
[EventCountry "GER"]
[SourceTitle "Bundesliga 9900"]
[Source "DeepChess"]
[SourceDate "2005.01.01"]
[SourceVersion "1"]
[SourceVersionDate "2005.01.01"]
[SourceQuality "1"]
[WhiteTeam "Hamburger SK 1830 e.V."]
[BlackTeam "SG 1868 Aljech. Solingen"]
[WhiteTeamCountry "GER"]
[BlackTeamCountry "GER"]

1. e4 e5 2. Bc4 Nf6 3. d3 c6 4. Nf3 Be7 5. Bb3 O-O 6. O-O d6 7. c3 Nbd7 8. Re1
a5 9. Nbd2 b5 10. Nf1 a4 11. Bc2 Re8 12. d4 Bf8 13. Ng3 g6 14. h3 Bb7 15. a3
Qc7 16. Bg5 h6 17. Be3 Rad8 18. Qc1 Kh7 19. Bd3 Bg7 20. Qc2 Qa5 21. c4 bxc4 22.
Bxc4 d5 23. Bd2 Qb6 24. dxe5 Nxe5 25. Nxe5 Rxe5 26. exd5 Rxe1+ 27. Rxe1 cxd5
28. Bd3 Bc6 29. Bb4 Bb5 30. Re7 Rd7 31. Rxd7 Nxd7 32. Bxb5 Qxb5 33. b3 axb3 34.
Qxb3 Ne5 35. Nf1 d4 36. f4 Nd3 37. Qxf7 Nxb4 38. axb4 Qxb4 39. f5 gxf5 40.
Qxf5+ Kh8 41. Qc8+ Kh7 42. Qf5+ 1/2-1/2

[Event "Bundesliga 9900"]
[Site "Deutschland"]
[Date "1999.12.11"]
[Round "5.8"]
[White "Sievers, Stefan"]
[Black "Emms, John M"]
[Result "1/2-1/2"]
[WhiteElo "2351"]
[BlackElo "2586"]
[PlyCount "97"]
[EventDate "1999.10.09"]
[EventType "team"]
[EventRounds "15"]
[EventCountry "GER"]
[SourceTitle "Bundesliga 9900"]
[Source "DeepChess"]
[SourceDate "2005.01.01"]
[SourceVersion "1"]
[SourceVersionDate "2005.01.01"]
[SourceQuality "1"]
[WhiteTeam "Hamburger SK 1830 e.V."]
[BlackTeam "SG 1868 Aljech. Solingen"]
[WhiteTeamCountry "GER"]
[BlackTeamCountry "GER"]

1. c4 c5 2. g3 g6 3. Bg2 Bg7 4. Nc3 Nc6 5. Nf3 e6 6. e3 Nge7 7. O-O O-O 8. d4
d6 9. b3 a6 10. Bb2 cxd4 11. Nxd4 Nxd4 12. exd4 Rb8 13. Rb1 b5 14. c5 Bb7 15.
Bxb7 Rxb7 16. Ne4 d5 17. Nd6 Rb8 18. b4 Qd7 19. Bc3 Rfd8 20. a4 bxa4 21. Qd3
Nc6 22. Rfd1 Ra8 23. Ra1 Rdb8 24. Rdb1 Ra7 25. Kg2 Rba8 26. h4 h5 27. Rxa4 Nxd4
28. Rba1 Nf5 29. Bxg7 Nxd6 30. cxd6 Kxg7 31. Rxa6 Rxa6 32. Rxa6 Rd8 33. Qd4+
Kg8 34. Qc5 d4 35. Qc7 d3 36. Qxd7 Rxd7 37. Kf3 Kg7 38. Ke3 Rb7 39. Kxd3 Rxb4
40. d7 Rb8 41. Rd6 Rd8 42. Kd4 Kf6 43. Kc5 Ke7 44. Kc6 Ra8 45. Rd3 Kd8 46. Rf3
Ke7 47. Rd3 Kd8 48. Rf3 Ke7 49. Rd3 1/2-1/2

[Event "Bundesliga 9900"]
[Site "Deutschland"]
[Date "1999.12.11"]
[Round "5.5"]
[White "Holzke, Frank"]
[Black "Hector, Jonny"]
[Result "0-1"]
[WhiteElo "2448"]
[BlackElo "2505"]
[PlyCount "74"]
[EventDate "1999.10.09"]
[EventType "team"]
[EventRounds "15"]
[EventCountry "GER"]
[SourceTitle "Bundesliga 9900"]
[Source "DeepChess"]
[SourceDate "2005.01.01"]
[SourceVersion "1"]
[SourceVersionDate "2005.01.01"]
[SourceQuality "1"]
[WhiteTeam "SV Wattenscheid 1930"]
[BlackTeam "Luebecker SV von 1873 "]
[WhiteTeamCountry "GER"]
[BlackTeamCountry "GER"]

1. e4 e5 2. Nf3 Nc6 3. d4 exd4 4. Nxd4 Qf6 5. Nb5 Bc5 6. Qe2 Qd8 7. Be3 d6 8.
Nd2 Be6 9. Nb3 Bb6 10. Bxb6 axb6 11. Qe3 Nf6 12. Be2 O-O 13. O-O Re8 14. f3 d5
15. e5 Bf5 16. f4 Bxc2 17. Qc3 Bxb3 18. Qxb3 Ne4 19. Rfd1 Ne7 20. Bd3 Nc5 21.
Qc2 g6 22. b4 Ne6 23. f5 gxf5 24. Bxf5 Nxf5 25. Qxf5 Ng7 26. Qf6 Qxf6 27. exf6
Ne6 28. Rd3 Red8 29. a3 d4 30. Rad1 c5 31. Rc1 Rd5 32. Nc3 Re5 33. Nb1 Nf4 34.
Rg3+ Kf8 35. Kf2 Rf5 36. Ke1 Re8+ 37. Kd2 Ne2 0-1

[Event "Bundesliga 9900"]
[Site "Deutschland"]
[Date "1999.12.11"]
[Round "5.6"]
[White "Kalinitschew, Sergey"]
[Black "Ellers, Holger"]
[Result "0-1"]
[WhiteElo "2524"]
[BlackElo "2426"]
[PlyCount "88"]
[EventDate "1999.10.09"]
[EventType "team"]
[EventRounds "15"]
[EventCountry "GER"]
[SourceTitle "Bundesliga 9900"]
[Source "DeepChess"]
[SourceDate "2005.01.01"]
[SourceVersion "1"]
[SourceVersionDate "2005.01.01"]
[SourceQuality "1"]
[WhiteTeam "Luebecker SV von 1873 "]
[BlackTeam "SV Wattenscheid 1930"]
[WhiteTeamCountry "GER"]
[BlackTeamCountry "GER"]

1. Nf3 Nf6 2. c4 e6 3. Nc3 d5 4. d4 Bb4 5. cxd5 exd5 6. Bg5 Nbd7 7. Rc1 c6 8.
a3 Bd6 9. e3 O-O 10. Bd3 Re8 11. Qc2 Nf8 12. Bh4 Bg4 13. Bg3 Bh5 14. Ne5 Ng6
15. Nxg6 Bxg6 16. Bh4 Re6 17. Bxg6 hxg6 18. Bxf6 Qxf6 19. O-O Rae8 20. b4 a6
21. Rb1 g5 22. Rbe1 g4 23. g3 Qf3 24. e4 dxe4 25. Re3 Qf6 26. Nxe4 Qd8 27. Rfe1
Bf8 28. Qc4 a5 29. bxa5 Qxa5 30. a4 Qf5 31. Nd2 Rxe3 32. fxe3 Qg5 33. Kf2 Qh6
34. Nf1 Re6 35. Kg1 Qg5 36. Rb1 Qe7 37. Qb3 b6 38. Rb2 c5 39. d5 Re4 40. Qd3 c4
41. Qd2 Qe5 42. Rxb6 Bc5 43. Rb1 Rxe3 44. Kh1 Qe4+ 0-1

[Event "Bundesliga 9900"]
[Site "Deutschland"]
[Date "1999.12.11"]
[Round "5.7"]
[White "Straeter, Timo"]
[Black "Mortensen, Erling"]
[Result "1-0"]
[WhiteElo "2316"]
[BlackElo "2445"]
[PlyCount "115"]
[EventDate "1999.10.09"]
[EventType "team"]
[EventRounds "15"]
[EventCountry "GER"]
[SourceTitle "Bundesliga 9900"]
[Source "DeepChess"]
[SourceDate "2005.01.01"]
[SourceVersion "1"]
[SourceVersionDate "2005.01.01"]
[SourceQuality "1"]
[WhiteTeam "SV Wattenscheid 1930"]
[BlackTeam "Luebecker SV von 1873 "]
[WhiteTeamCountry "GER"]
[BlackTeamCountry "GER"]

1. e4 c5 2. Nf3 e6 3. Nc3 a6 4. g3 b5 5. Bg2 Bb7 6. d3 d6 7. O-O Nd7 8. Be3
Ngf6 9. h3 Be7 10. Nd2 d5 11. exd5 exd5 12. d4 c4 13. a4 b4 14. Ne2 Rc8 15. c3
O-O 16. Nf4 a5 17. g4 Nb6 18. cxb4 Bxb4 19. g5 Ne8 20. Nb1 Nd6 21. Qg4 Bc6 22.
Nc3 Bd7 23. Qd1 Bxc3 24. bxc3 Ne4 25. h4 Bf5 26. Ne2 Qd7 27. f3 Nd6 28. Ng3 Bd3
29. Rf2 Rce8 30. Bf4 f6 31. Qd2 fxg5 32. hxg5 Nf5 33. Bh3 Qf7 34. Bxf5 Bxf5 35.
Bd6 Bd7 36. Bxf8 Qxf8 37. Kg2 Nxa4 38. Qc2 Nb6 39. Rxa5 Qf4 40. Ra1 Qxg5 41.
Re2 Rf8 42. Re5 Qf6 43. Qe2 Na4 44. Re7 Nxc3 45. Qe3 Ba4 46. Qxc3 Qxe7 47. Rxa4
Qg5 48. Qe1 Qg6 49. Ra5 h5 50. Qe5 h4 51. Qxd5+ Qf7 52. Qxf7+ Rxf7 53. Nf5 Rc7
54. Nxh4 c3 55. Ra1 Kf7 56. Nf5 c2 57. Rc1 Rc3 58. Kf2 1-0

[Event "Bundesliga 9900"]
[Site "Deutschland"]
[Date "1999.12.11"]
[Round "5.8"]
[White "Blauert, Joerg"]
[Black "Koehn, Peter"]
[Result "1/2-1/2"]
[WhiteElo "2386"]
[BlackElo "2323"]
[PlyCount "108"]
[EventDate "1999.10.09"]
[EventType "team"]
[EventRounds "15"]
[EventCountry "GER"]
[SourceTitle "Bundesliga 9900"]
[Source "DeepChess"]
[SourceDate "2005.01.01"]
[SourceVersion "1"]
[SourceVersionDate "2005.01.01"]
[SourceQuality "1"]
[WhiteTeam "Luebecker SV von 1873 "]
[BlackTeam "SV Wattenscheid 1930"]
[WhiteTeamCountry "GER"]
[BlackTeamCountry "GER"]

1. e4 c5 2. c3 Nf6 3. e5 Nd5 4. d4 cxd4 5. Nf3 Nc6 6. cxd4 d6 7. Bc4 Nb6 8. Bb5
dxe5 9. Nxe5 Bd7 10. Nxd7 Qxd7 11. Nc3 e6 12. O-O Be7 13. Qg4 O-O 14. Bxc6 bxc6
15. Bh6 Bf6 16. Rfd1 Kh8 17. Ne4 Rg8 18. Bf4 Qd5 19. Bg5 Nd7 20. Qh4 Bd8 21.
Rd3 Nc5 22. Rh3 Qxe4 23. dxc5 Qxh4 24. Bxh4 g5 25. Bg3 Bf6 26. Bd6 Bxb2 27. Rb1
Bf6 28. Rb7 Kg7 29. Rc7 Rgb8 30. g4 Rb4 31. Rg3 Ra4 32. a3 Rb8 33. Rxc6 Rb1+
34. Kg2 Rb2 35. h3 e5 36. Rf3 e4 37. Bf8+ Kxf8 38. Rfxf6 e3 39. Rc7 Rxf2+ 40.
Rxf2 exf2 41. Kxf2 Rxa3 42. Kg2 Kg7 43. Rb7 Kf6 44. c6 Rc3 45. c7 a5 46. Rb6+
Ke7 47. Rb5 Rxc7 48. Rxa5 Kf6 49. Ra6+ Kg7 50. Kg3 Rc3+ 51. Kg2 Rc2+ 52. Kg3
Rc3+ 53. Kg2 Rc2+ 54. Kg3 Rc3+ 1/2-1/2

[Event "Bundesliga 9900"]
[Site "Deutschland"]
[Date "1999.12.11"]
[Round "5.1"]
[White "Lutz, Christopher"]
[Black "Babula, Vlastimil"]
[Result "1/2-1/2"]
[WhiteElo "2591"]
[BlackElo "2567"]
[PlyCount "61"]
[EventDate "1999.10.09"]
[EventType "team"]
[EventRounds "15"]
[EventCountry "GER"]
[SourceTitle "Bundesliga 9900"]
[Source "DeepChess"]
[SourceDate "2005.01.01"]
[SourceVersion "1"]
[SourceVersionDate "2005.01.01"]
[SourceQuality "1"]
[WhiteTeam "SG Porz e.V."]
[BlackTeam "SAbt SV Werder Bremen"]
[WhiteTeamCountry "GER"]
[BlackTeamCountry "GER"]

1. e4 c5 2. Nf3 Nc6 3. d4 cxd4 4. Nxd4 Nf6 5. Nc3 e5 6. Ndb5 d6 7. Bg5 a6 8.
Na3 b5 9. Bxf6 gxf6 10. Nd5 f5 11. Bd3 Be6 12. O-O Bg7 13. Qh5 f4 14. c4 bxc4
15. Bxc4 O-O 16. Rac1 Rb8 17. b3 Qa5 18. Nc2 Qxa2 19. Ncb4 Nxb4 20. Ne7+ Kh8
21. Bxe6 fxe6 22. Ng6+ Kg8 23. Nxf8 Rxf8 24. Rc7 Kh8 25. Rfc1 Qd2 26. Qg5 Rg8
27. Rc8 h6 28. Qg6 Rf8 29. R8c7 Rg8 30. Rc8 Rf8 31. R8c7 1/2-1/2

[Event "Bundesliga 9900"]
[Site "Deutschland"]
[Date "1999.12.11"]
[Round "5.6"]
[White "Heissler, Jakob"]
[Black "Andersson, Ulf"]
[Result "0-1"]
[WhiteElo "2447"]
[BlackElo "2623"]
[PlyCount "104"]
[EventDate "1999.10.09"]
[EventType "team"]
[EventRounds "15"]
[EventCountry "GER"]
[SourceTitle "Bundesliga 9900"]
[Source "DeepChess"]
[SourceDate "2005.01.01"]
[SourceVersion "1"]
[SourceVersionDate "2005.01.01"]
[SourceQuality "1"]
[WhiteTeam "SAbt SV Werder Bremen"]
[BlackTeam "SG Porz e.V."]
[WhiteTeamCountry "GER"]
[BlackTeamCountry "GER"]

1. e4 c5 2. Nf3 e6 3. d3 Nc6 4. g3 d5 5. Nbd2 g6 6. Bg2 Bg7 7. O-O Nf6 8. Re1
O-O 9. c3 Qc7 10. exd5 Nxd5 11. Nb3 b6 12. c4 Nde7 13. Bf4 Qd8 14. d4 Ba6 15.
Ne5 Nxe5 16. Bxe5 Rc8 17. Bxg7 Kxg7 18. dxc5 Bxc4 19. cxb6 Qxb6 20. Qd4+ Qxd4
21. Nxd4 Rfd8 22. Nf3 Bd5 23. b3 Nc6 24. Rac1 Nb4 25. Rxc8 Rxc8 26. Nd4 Rd8 27.
Nb5 Bxg2 28. Kxg2 a6 29. Nc3 Rc8 30. Ne4 Nxa2 31. Ra1 Rc2 32. Nc5 Rxc5 33. Rxa2
a5 34. Rd2 Rb5 35. Rd3 g5 36. Rc3 h5 37. h3 Kf6 38. Rd3 Ke7 39. Kf1 f5 40. Kg2
g4 41. hxg4 hxg4 42. Rc3 Kd6 43. Rd3+ Kc6 44. f3 gxf3+ 45. Rxf3 Kd5 46. Kf2 Ke5
47. Re3+ Kf6 48. Rc3 e5 49. Rc6+ Kg5 50. Ra6 e4 51. Ra8 Rxb3 52. Rxa5 Kg4 0-1

[Event "Bundesliga 9900"]
[Site "Deutschland"]
[Date "1999.12.11"]
[Round "5.7"]
[White "Hansen, Curt"]
[Black "Meins, Gerlef"]
[Result "1-0"]
[WhiteElo "2607"]
[BlackElo "2421"]
[PlyCount "57"]
[EventDate "1999.10.09"]
[EventType "team"]
[EventRounds "15"]
[EventCountry "GER"]
[SourceTitle "Bundesliga 9900"]
[Source "DeepChess"]
[SourceDate "2005.01.01"]
[SourceVersion "1"]
[SourceVersionDate "2005.01.01"]
[SourceQuality "1"]
[WhiteTeam "SG Porz e.V."]
[BlackTeam "SAbt SV Werder Bremen"]
[WhiteTeamCountry "GER"]
[BlackTeamCountry "GER"]

1. c4 e5 2. Nc3 Nf6 3. Nf3 Nc6 4. g3 Bb4 5. Bg2 O-O 6. O-O e4 7. Ng5 Bxc3 8.
bxc3 Re8 9. f3 exf3 10. Nxf3 d5 11. d4 Ne4 12. Qc2 Bf5 13. Nh4 Bg4 14. e3 Na5
15. Rf4 f5 16. cxd5 Nd6 17. c4 Naxc4 18. e4 g5 19. Nxf5 Nxf5 20. Rxg4 Nfe3 21.
Qe2 Nxg4 22. Qxg4 h6 23. e5 Nb6 24. Qh5 Re7 25. Qxh6 Rg7 26. Bh3 Rh7 27. Qg6+
Rg7 28. Qe6+ Kh8 29. Bf5 1-0

[Event "Bundesliga 9900"]
[Site "Deutschland"]
[Date "1999.12.11"]
[Round "5.8"]
[White "Polak, Tomas"]
[Black "Vogt, Lothar"]
[Result "1-0"]
[WhiteElo "2488"]
[BlackElo "2485"]
[PlyCount "65"]
[EventDate "1999.10.09"]
[EventType "team"]
[EventRounds "15"]
[EventCountry "GER"]
[SourceTitle "Bundesliga 9900"]
[Source "DeepChess"]
[SourceDate "2005.01.01"]
[SourceVersion "1"]
[SourceVersionDate "2005.01.01"]
[SourceQuality "1"]
[WhiteTeam "SAbt SV Werder Bremen"]
[BlackTeam "SG Porz e.V."]
[WhiteTeamCountry "GER"]
[BlackTeamCountry "GER"]

1. d4 Nf6 2. c4 c5 3. d5 b5 4. cxb5 a6 5. bxa6 Bxa6 6. Nc3 d6 7. Nf3 g6 8. e4
Bxf1 9. Kxf1 Bg7 10. h3 O-O 11. Kg1 Qb6 12. Kh2 Nbd7 13. Re1 Rfb8 14. Re2 Rb7
15. Rc2 Ne8 16. Bg5 Ne5 17. Nxe5 Bxe5+ 18. f4 Bg7 19. Qf3 Qd8 20. Re1 Qb8 21.
Ree2 Bd4 22. Bh6 Nf6 23. b3 c4 24. bxc4 Ra3 25. Red2 Qa7 26. Rd3 Bxc3 27. Rdxc3
Rxa2 28. Rxa2 Qxa2 29. Ra3 Qb2 30. Qc3 Qb1 31. Ra8+ Rb8 32. Qa5 Kh8 33. Qa7 1-0

[Event "Bundesliga 9900"]
[Site "Deutschland"]
[Date "1999.12.11"]
[Round "5.3"]
[White "Stohl, Igor"]
[Black "Hertneck, Gerald"]
[Result "1/2-1/2"]
[WhiteElo "2600"]
[BlackElo "2561"]
[PlyCount "126"]
[EventDate "1999.10.09"]
[EventType "team"]
[EventRounds "15"]
[EventCountry "GER"]
[SourceTitle "Bundesliga 9900"]
[Source "DeepChess"]
[SourceDate "2005.01.01"]
[SourceVersion "1"]
[SourceVersionDate "2005.01.01"]
[SourceQuality "1"]
[WhiteTeam "SF Neukoelln 03 e.V."]
[BlackTeam "TV Tegernsee"]
[WhiteTeamCountry "GER"]
[BlackTeamCountry "GER"]

1. Nf3 d5 2. d4 Nc6 3. g3 Bf5 4. Bg2 e6 5. O-O Nf6 6. c4 Be7 7. Nc3 dxc4 8. Ne5
Nxe5 9. dxe5 Qxd1 10. Rxd1 Ng4 11. Bxb7 Rb8 12. Bc6+ Kf8 13. f4 Bc5+ 14. Kg2
Nf2 15. Rd7 Bh3+ 16. Kf3 Ng4 17. e3 Nxh2+ 18. Kf2 Bf5 19. Na4 Be7 20. e4 Bg6
21. Bd2 Ng4+ 22. Kf3 f5 23. exf5 Bxf5 24. Ba5 h5 25. Bxc7 Rc8 26. Bb7 Re8 27.
Bd6 Bxd6 28. exd6 Nf6 29. Rc7 Rd8 30. Rxc4 Ne8 31. Rd4 Nxd6 32. Ba6 Ke7 33. Bd3
Bg4+ 34. Ke3 h4 35. gxh4 Rxh4 36. Rg1 e5 37. fxe5 Nf5+ 38. Bxf5 Rxd4 39. Kxd4
Bxf5+ 40. Kd5 Be6+ 41. Kc5 Rxa4 42. Rxg7+ Bf7 43. a3 Ra5+ 44. Kd4 Rd5+ 45. Ke4
Rd2 46. b4 Ke6 47. Rg3 Rd5 48. Rg5 Be8 49. Ke3 Rd8 50. Rg7 Bf7 51. Rh7 Rd1 52.
b5 Rd7 53. b6 axb6 54. Rh6+ Kxe5 55. Rxb6 Ra7 56. Rb4 Rxa3+ 57. Kd2 Bd5 58. Ke2
Be4 59. Kf2 Kf4 60. Rb2 Rh3 61. Rd2 Bd3 62. Ke1 Ke3 63. Re2+ Bxe2 1/2-1/2

[Event "Bundesliga 9900"]
[Site "Deutschland"]
[Date "1999.12.11"]
[Round "5.4"]
[White "Teske, Henrik"]
[Black "Berndt, Stephan"]
[Result "1-0"]
[WhiteElo "2515"]
[BlackElo "2500"]
[PlyCount "73"]
[EventDate "1999.10.09"]
[EventType "team"]
[EventRounds "15"]
[EventCountry "GER"]
[SourceTitle "Bundesliga 9900"]
[Source "DeepChess"]
[SourceDate "2005.01.01"]
[SourceVersion "1"]
[SourceVersionDate "2005.01.01"]
[SourceQuality "1"]
[WhiteTeam "TV Tegernsee"]
[BlackTeam "SF Neukoelln 03 e.V."]
[WhiteTeamCountry "GER"]
[BlackTeamCountry "GER"]

1. b3 e5 2. Bb2 Nc6 3. e3 Nf6 4. Bb5 Bd6 5. Na3 Na5 6. Be2 a6 7. c4 c5 8. Nf3
Nc6 9. d3 O-O 10. O-O Re8 11. Nc2 Bf8 12. d4 cxd4 13. exd4 e4 14. Ne5 d6 15.
Nxc6 bxc6 16. d5 c5 17. b4 Rb8 18. Bc3 Nd7 19. a4 Ne5 20. Qd2 Qh4 21. Rab1 Bd7
22. b5 axb5 23. cxb5 e3 24. Nxe3 Qxa4 25. b6 f5 26. Bxe5 dxe5 27. d6 Kh8 28.
Rfd1 e4 29. g3 h6 30. Qc3 Be6 31. Qxc5 Rec8 32. Qe5 Bd7 33. Nxf5 Re8 34. Ne7
Bxe7 35. dxe7 Bc6 36. Rd6 Qc2 37. Rxh6+ 1-0

[Event "Bundesliga 9900"]
[Site "Deutschland"]
[Date "1999.12.11"]
[Round "5.5"]
[White "Poldauf, Dirk"]
[Black "Pezerovic, Edin"]
[Result "1/2-1/2"]
[WhiteElo "2453"]
[BlackElo "2447"]
[PlyCount "70"]
[EventDate "1999.10.09"]
[EventType "team"]
[EventRounds "15"]
[EventCountry "GER"]
[SourceTitle "Bundesliga 9900"]
[Source "DeepChess"]
[SourceDate "2005.01.01"]
[SourceVersion "1"]
[SourceVersionDate "2005.01.01"]
[SourceQuality "1"]
[WhiteTeam "SF Neukoelln 03 e.V."]
[BlackTeam "TV Tegernsee"]
[WhiteTeamCountry "GER"]
[BlackTeamCountry "GER"]

1. c4 Nf6 2. Nc3 c6 3. e4 d5 4. cxd5 cxd5 5. e5 d4 6. exf6 dxc3 7. bxc3 gxf6 8.
d4 Bf5 9. Nf3 e6 10. Be2 Qc7 11. c4 Bd6 12. O-O O-O 13. d5 Nd7 14. Nd4 Bxh2+
15. Kh1 Be5 16. Nxf5 Bxa1 17. d6 Qa5 18. Bd3 Kh8 19. Bh6 exf5 20. Bxf8 Rxf8 21.
Qh5 Qd2 22. Bxf5 h6 23. Rxa1 Ne5 24. c5 Kg7 25. Qh4 b6 26. cxb6 axb6 27. d7 Rd8
28. Qg3+ Qg5 29. Qxg5+ fxg5 30. Rb1 Kf6 31. g4 Nxd7 32. Bxd7 Rxd7 33. Rxb6+ Ke5
34. Rxh6 Rd2 35. Kg2 Rxa2 1/2-1/2